[Event "Alushta Caissa 1st"]
[Site "Alushta"]
[Date "2002.09.14"]
[Round "18"]
[White "Kalugin, Sergey V"]
[Black "Stjazhkin, Viacheslav"]
[Result "0-1"]
[WhiteElo "2468"]
[BlackElo "2384"]
[PlyCount "62"]
[EventDate "2002.09.01"]
[EventType "tourn"]
[EventRounds "18"]
[EventCountry "UKR"]
[EventCategory "8"]
[SourceTitle "CBM 090 Extra"]
[Source "ChessBase"]
[SourceDate "2002.11.07"]
[SourceVersion "1"]
[SourceVersionDate "2002.11.07"]
[SourceQuality "1"]

1. e4 c5 2. Nf3 d6 3. d4 cxd4 4. Nxd4 Nf6 5. Nc3 a6 6. Bc4 e6 7. Bb3 b5 8. Bg5 Bb7 9. Qf3 Nbd7 10. 0-0-0 Qa5 11. Rhe1 0-0-0 12. Bd2 Qb6 13. Be3 Nc5 14. Bxe6+ fxe6 15. Nxe6 Re8 16. Qf5 Kb8 17. Nxf8 Rhxf8 18. Rxd6 Qxd6 19. Bf4 Ncxe4 20. Rd1 Qxf4+ 21. Qxf4+ Ka8 22. f3 Nxc3 23. bxc3 Rc8 24. a4 Nd5 25. Qg5 Nxc3 26. Rd7 Rfe8 27. axb5 Re1+ 28. Kb2 Rb1+ 29. Ka3 axb5 30. Rd4 Rc6 31. Rd8+ Bc8 0-1

[Event "Alushta Caissa 1st"]
[Site "Alushta"]
[Date "2002.09.12"]
[Round "16"]
[White "Aghamaliyev, Cemil"]
[Black "Stjazhkin, Viacheslav"]
[Result "1/2-1/2"]
[WhiteElo "2489"]
[BlackElo "2384"]
[PlyCount "33"]
[EventDate "2002.09.01"]
[EventType "tourn"]
[EventRounds "18"]
[EventCountry "UKR"]
[EventCategory "8"]
[SourceTitle "CBM 090 Extra"]
[Source "ChessBase"]
[SourceDate "2002.11.07"]
[SourceVersion "1"]
[SourceVersionDate "2002.11.07"]
[SourceQuality "1"]

1. d4 e6 2. c4 d5 3. Nf3 c6 4. Qc2 Nf6 5. Bg5 h6 6. Bxf6 Qxf6 7. g3 Nd7 8. Bg2 Bb4+ 9. Nbd2 0-0 10. 0-0 Bxd2 11. Qxd2 dxc4 12. a4 b6 13. Qb4 Ba6 14. Qd6 Rfd8 15. Qxc6 c3 16. Qxc3 Bxe2 17. Rfc1 1/2-1/2

[Event "Alushta Caissa 1st"]
[Site "Alushta"]
[Date "2002.09.05"]
[Round "6"]
[White "Khudiakov, Alexandr"]
[Black "Stjazhkin, Viacheslav"]
[Result "0-1"]
[WhiteElo "2314"]
[BlackElo "2384"]
[PlyCount "52"]
[EventDate "2002.09.01"]
[EventType "tourn"]
[EventRounds "18"]
[EventCountry "UKR"]
[EventCategory "8"]
[SourceTitle "CBM 090 Extra"]
[Source "ChessBase"]
[SourceDate "2002.11.07"]
[SourceVersion "1"]
[SourceVersionDate "2002.11.07"]
[SourceQuality "1"]

1. d4 Nf6 2. c4 e6 3. Nf3 b6 4. g3 Bb7 5. Bg2 Be7 6. 0-0 0-0 7. Nc3 Ne4 8. Bd2 f5 9. d5 Bf6 10. Rc1 Na6 11. Be1 Nac5 12. Nd4 Qe7 13. Ndb5 Bxc3 14. Bxc3 Nxc3 15. Rxc3 d6 16. b4 Ne4 17. Bxe4 fxe4 18. Re3 exd5 19. cxd5 a5 20. a3 axb4 21. axb4 Bc8 22. Qd4 Bh3 23. Rc1 Rxf2 24. Rxe4 Raf8 25. Qxf2 Qxe4 26. Nc3 Qe5 0-1

[Event "Budapest FS08 IM-B"]
[Site "Budapest"]
[Date "1998.08.13"]
[Round "13"]
[White "Kerek, Krisztian"]
[Black "Stjazhkin, Viacheslav"]
[Result "1/2-1/2"]
[WhiteElo "2370"]
[BlackElo "2390"]
[PlyCount "55"]
[EventDate "1998.08.??"]
[EventType "tourn"]
[EventRounds "13"]
[EventCountry "HUN"]
[EventCategory "3"]
[SourceTitle "EXT 1999"]
[Source "ChessBase"]
[SourceDate "1998.11.16"]
[SourceVersion "1"]
[SourceVersionDate "1998.11.16"]
[SourceQuality "1"]

1. e4 e6 2. d4 d5 3. Nc3 Nf6 4. Bg5 Bb4 5. e5 h6 6. Bd2 Bxc3 7. bxc3 Ne4 8. Qg4 g6 9. Bd3 Nxd2 10. Kxd2 c5 11. Nf3 Nc6 12. Qf4 c4 13. Be2 Bd7 14. h4 Qe7 15. Nh2 0-0-0 16. Ng4 Rdf8 17. Nf6 Qd8 18. g4 Ne7 19. Qe3 Ng8 20. Nxg8 Rfxg8 21. f4 Qe7 22. h5 g5 23. Rhf1 Be8 24. fxg5 Qxg5 25. Qxg5 hxg5 26. Rf6 Rh7 27. Kc1 Kc7 28. Kb2 1/2-1/2

[Event "Budapest FS08 IM-B"]
[Site "Budapest"]
[Date "1998.08.10"]
[Round "10"]
[White "Kolbus, Dietmar"]
[Black "Stjazhkin, Viacheslav"]
[Result "0-1"]
[WhiteElo "2320"]
[BlackElo "2390"]
[PlyCount "96"]
[EventDate "1998.08.??"]
[EventType "tourn"]
[EventRounds "13"]
[EventCountry "HUN"]
[EventCategory "3"]
[SourceTitle "EXT 1999"]
[Source "ChessBase"]
[SourceDate "1998.11.16"]
[SourceVersion "1"]
[SourceVersionDate "1998.11.16"]
[SourceQuality "1"]

1. d4 Nf6 2. c4 e6 3. Nf3 Bb4+ 4. Bd2 a5 5. a3 Bxd2+ 6. Nbxd2 a4 7. e3 d6 8. Bd3 0-0 9. 0-0 Qe7 10. Ng5 e5 11. Qc2 h6 12. Nh7 Nxh7 13. Bxh7+ Kh8 14. Be4 Nc6 15. Rfe1 Bd7 16. Bxc6 Bxc6 17. Rac1 b6 18. d5 Bd7 19. Nb1 Qh4 20. f3 f5 21. Qf2 Qf6 22. Nc3 g5 23. e4 Qg7 24. Qd2 Rf7 25. Nb5 Be8 26. Rc3 Qf6 27. Rcc1 Rg7 28. Rc3 Bg6 29. Rce3 Bh7 30. R3e2 Qe7 31. Kh1 Rf7 32. Kg1 Kg7 33. Nc3 Qd7 34. Nb5 Bg6 35. Nc3 Kh7 36. Nb5 fxe4 37. fxe4 Raf8 38. Nc3 Bh5 39. Re3 Rf6 40. Nd1 Qf7 41. Qd3 Bxd1 42. Rxd1 Rf2 43. Rb1 Qf4 44. h3 g4 45. g3 Qf6 46. h4 h5 47. Re2 Rf1+ 48. Kh2 Qf2+ 0-1

[Event "Budapest FS08 IM-B"]
[Site "Budapest"]
[Date "1998.08.05"]
[Round "5"]
[White "Stjazhkin, Viacheslav"]
[Black "Hallossy, Tibor"]
[Result "1-0"]
[WhiteElo "2335"]
[BlackElo "2145"]
[PlyCount "143"]
[EventDate "1998.08.??"]
[EventType "tourn"]
[EventRounds "13"]
[EventCountry "HUN"]
[EventCategory "3"]
[SourceTitle "EXT 1999"]
[Source "ChessBase"]
[SourceDate "1998.11.16"]
[SourceVersion "1"]
[SourceVersionDate "1998.11.16"]
[SourceQuality "1"]

1. e4 c5 2. Nf3 e6 3. d3 Nc6 4. g3 d5 5. Nbd2 Nf6 6. Bg2 Be7 7. 0-0 dxe4 8. dxe4 e5 9. c3 0-0 10. Qc2 Qc7 11. Nc4 Be6 12. Ne3 h6 13. Nf5 Rad8 14. Re1 Rfe8 15. h3 Bf8 16. g4 Nh7 17. Be3 Rd7 18. Bf1 a6 19. Be2 Red8 20. Kh1 Ne7 21. Rg1 f6 22. h4 g5 23. b3 Ng6 24. Rgd1 Nf4 25. Rxd7 Rxd7 26. Rd1 Qd8 27. Rxd7 Qxd7 28. Bf1 b5 29. Qd2 Qxd2 30. Bxd2 Kf7 31. Kh2 Bxf5 32. exf5 Bd6 33. Bxf4 exf4 34. a4 bxa4 35. bxa4 a5 36. h5 Nf8 37. Bb5 Ke7 38. Nd2 Be5 39. Ne4 Bd6 40. Kg2 Be5 41. Kf3 Nd7 42. Ke2 Nb6 43. Kd3 c4+ 44. Kc2 Bd6 45. Kd2 Ba3 46. Kd1 Bd6 47. Kc2 Be5 48. f3 Kd8 49. Nc5 Kc8 50. Ba6+ Kc7 51. Ne6+ Kd6 52. Nd8 Nxa4 53. Nf7+ Ke7 54. Bxc4 Kf8 55. Nxh6 Kg7 56. Nf7 Bc7 57. Bd5 Nc5 58. Kb2 Na4+ 59. Kb3 Nc5+ 60. Kc4 Na4 61. Be6 Nb2+ 62. Kb5 a4 63. c4 a3 64. c5 Nd3 65. Nd6 Ne5 66. Ne8+ Kh6 67. Nxc7 Nxf3 68. Ba2 Ne5 69. Nd5 Nxg4 70. c6 Ne5 71. c7 Nf7 72. Kc5 1-0

[Event "Moravia-ch op"]
[Site "Moravia"]
[Date "1996.??.??"]
[Round "?"]
[White "Michalczyk, Stanislaw"]
[Black "Stjazhkin, Viacheslav"]
[Result "0-1"]
[WhiteElo "2175"]
[BlackElo "2335"]
[PlyCount "54"]
[EventDate "1996.??.??"]
[EventType "swiss"]
[EventRounds "9"]
[EventCountry "CZE"]
[SourceTitle "EXT 1998"]
[Source "ChessBase"]
[SourceDate "1997.11.17"]
[SourceVersion "1"]
[SourceVersionDate "1997.11.17"]
[SourceQuality "1"]

1. e4 e6 2. d4 d5 3. e5 c5 4. c3 Bd7 5. Nf3 Nc6 6. a3 f6 7. Bd3 Qc7 8. Qe2 0-0-0 9. 0-0 fxe5 10. dxe5 Nh6 11. b4 Nf7 12. Re1 Be7 13. c4 d4 14. bxc5 g5 15. Bb2 Bxc5 16. Qe4 g4 17. Qxg4 Nfxe5 18. Qe4 Nxf3+ 19. Qxf3 Ne5 20. Qe2 Bd6 21. c5 Nxd3 22. cxd6 Qa5 23. Bxd4 Nxe1 24. Bxh8 Rxh8 25. Ra2 Re8 26. f4 Nf3+ 27. Kh1 Bc6 0-1

[Event "Moravia-ch op"]
[Site "Moravia"]
[Date "1996.??.??"]
[Round "?"]
[White "Stjazhkin, Viacheslav"]
[Black "Krejci, Jakub"]
[Result "1-0"]
[WhiteElo "2335"]
[BlackElo "2185"]
[PlyCount "120"]
[EventDate "1996.??.??"]
[EventType "swiss"]
[EventRounds "9"]
[EventCountry "CZE"]
[SourceTitle "EXT 1998"]
[Source "ChessBase"]
[SourceDate "1997.11.17"]
[SourceVersion "1"]
[SourceVersionDate "1997.11.17"]
[SourceQuality "1"]

1. e4 c5 2. Nc3 Nc6 3. g3 g6 4. Bg2 Bg7 5. d3 e6 6. Be3 Nd4 7. Nce2 d6 8. c3 Nxe2 9. Nxe2 Ne7 10. d4 cxd4 11. Bxd4 e5 12. Be3 0-0 13. Qd2 Qc7 14. 0-0 Be6 15. b3 f5 16. c4 fxe4 17. Bxe4 Bf5 18. Bg2 Rad8 19. Nc3 a6 20. Rad1 Bg4 21. Nd5 Nxd5 22. Qxd5+ Rf7 23. Bg5 Bxd1 24. Bxd8 Qxd8 25. Rxd1 Qf6 26. Rd2 Bf8 27. Qd3 Kh8 28. Bd5 Re7 29. Qe4 Bh6 30. Re2 b6 31. Qd3 a5 32. Be4 Qe6 33. Kg2 Re8 34. Re1 Bf8 35. Qe3 Rb8 36. h4 Be7 37. Rh1 Qf6 38. Rd1 Bd8 39. Qd3 Bc7 40. h5 Kg7 41. Rh1 Rf8 42. f3 Qg5 43. hxg6 hxg6 44. Rh4 Rf4 45. Rh1 Rf8 46. Kf2 Rh8 47. Rxh8 Kxh8 48. Bxg6 Kg7 49. Be4 Qc1 50. Kg2 Qb2+ 51. Kh3 Kf6 52. Bg6 e4 53. Bxe4 Qe5 54. f4 Qh5+ 55. Kg2 Qg4 56. Qd4+ Ke7 57. Bf3 Qg6 58. Qe4+ Qxe4 59. Bxe4 Kf7 60. Kf3 Bd8 1-0